[Event "HUN-chT4 Chalupetzky 1819"]
[Site "Hunagry"]
[Date "2019.05.05"]
[Round "10.2"]
[White "Halmai, Florian"]
[Black "Nemeth, Csilla"]
[Result "1-0"]
[WhiteElo "1436"]
[BlackElo "1400"]
[PlyCount "81"]
[EventDate "2018.10.14"]
[EventType "team-tourn"]
[EventRounds "10"]
[EventCountry "HUN"]
[SourceTitle "EXT 2020"]
[Source "ChessBase"]
[SourceDate "2019.10.17"]
[SourceVersion "1"]
[SourceVersionDate "2019.10.17"]
[SourceQuality "1"]
[WhiteTeam "Lovo"]
[BlackTeam "KSE Level"]
[WhiteTeamCountry "HUN"]
[BlackTeamCountry "HUN"]

1. e4 e5 2. Nf3 Nc6 3. Bb5 a6 4. Ba4 Nf6 5. 0-0 Be7 6. Re1 b5 7. Bb3 0-0 8. c3 Na5 9. Nxe5 d6 10. Nxf7 Rxf7 11. Bxf7+ Kxf7 12. d4 d5 13. e5 Ne4 14. Nd2 Bb7 15. e6+ Kg8 16. Qf3 Qd6 17. Qg4 Rf8 18. Nxe4 dxe4 19. Bh6 Bf6 20. Re3 Kh8 21. Bf4 Qe7 22. Rh3 g6 23. Qxg6 Bd5 24. Rh6 Bxe6 25. Be5 Bxe5 26. Qxe6 Qxe6 27. Rxe6 Bd6 28. Rxe4 c5 29. dxc5 Bxc5 30. Re2 Nc4 31. a4 Nd6 32. axb5 axb5 33. b4 Bb6 34. Ra6 Nc4 35. Ra1 Bc7 36. Rd1 Be5 37. Rd3 Ra8 38. g3 Bg7 39. Re7 Nb2 40. Rf3 Ra3 41. Re8+ 1-0

[Event "HUN-chT4a 1819"]
[Site "Hungary"]
[Date "2019.02.09"]
[Round "8.2"]
[White "Csontos, Aron"]
[Black "Nemeth, Csilla"]
[Result "0-1"]
[WhiteElo "1193"]
[BlackElo "1400"]
[PlyCount "58"]
[EventDate "2018.10.06"]
[EventType "team-tourn"]
[EventRounds "9"]
[EventCountry "HUN"]
[SourceTitle "EXT 2020"]
[Source "ChessBase"]
[SourceDate "2019.10.17"]
[SourceVersion "1"]
[SourceVersionDate "2019.10.17"]
[SourceQuality "1"]
[WhiteTeam "Gyor Szimultan"]
[BlackTeam "KSE Level"]
[WhiteTeamCountry "HUN"]
[BlackTeamCountry "HUN"]

1. e4 e5 2. Nf3 Nc6 3. Bb5 a6 4. Bxc6 dxc6 5. Nc3 Bd6 6. d4 exd4 7. Nxd4 c5 8. Nf3 Qe7 9. 0-0 Bg4 10. h3 Bh5 11. g4 0-0-0 12. Nd5 Qxe4 13. gxh5 Nf6 14. Ng5 Qe8 15. Qf3 Nxd5 16. Nxf7 Rf8 17. Nxd6+ Rxd6 18. Qg4+ Kb8 19. Bg5 h6 20. Bh4 Rf4 21. Qg3 g5 22. hxg6 Rxg6 23. Rfe1 Qg8 24. Qxg6 Qxg6+ 25. Bg3 h5 26. Kh1 Rf8 27. Rad1 Qc6 28. Re5 Ne3+ 29. Kg1 Qg2# 0-1

[Event "HUN-chT4a 1819"]
[Site "Hungary"]
[Date "2019.02.09"]
[Round "7.4"]
[White "Nemeth, Csilla"]
[Black "Molnar, Zoltan3333"]
[Result "1-0"]
[WhiteElo "1400"]
[BlackElo "1126"]
[PlyCount "43"]
[EventDate "2018.10.06"]
[EventType "team-tourn"]
[EventRounds "9"]
[EventCountry "HUN"]
[SourceTitle "EXT 2020"]
[Source "ChessBase"]
[SourceDate "2019.10.17"]
[SourceVersion "1"]
[SourceVersionDate "2019.10.17"]
[SourceQuality "1"]
[WhiteTeam "KSE Level"]
[BlackTeam "Janossomorja"]
[WhiteTeamCountry "HUN"]
[BlackTeamCountry "HUN"]

1. e4 e5 2. Nf3 d6 3. d4 Nd7 4. dxe5 Qe7 5. exd6 cxd6 6. Be2 h6 7. 0-0 b6 8. Bb5 Qf6 9. e5 dxe5 10. Nxe5 Bd6 11. Nxd7 Bxd7 12. Bxd7+ Kxd7 13. Nc3 Ne7 14. Ne4 Qe5 15. Re1 Qxh2+ 16. Kf1 Rhe8 17. Nxd6 Qxd6 18. Qg4+ Kc6 19. Rd1 Qe6 20. Qa4+ b5 21. Qa6+ Kc7 22. Bf4+ 1-0

[Event "HUN-chT4 1718"]
[Site "Hungary"]
[Date "2018.04.14"]
[Round "8.21"]
[White "Nemeth, Csilla"]
[Black "Csidey, Csongor"]
[Result "0-1"]
[WhiteElo "1472"]
[BlackElo "1294"]
[PlyCount "78"]
[EventDate "2017.10.28"]
[EventType "team-tourn"]
[EventRounds "9"]
[EventCountry "HUN"]
[SourceTitle "EXT 2020"]
[Source "ChessBase"]
[SourceDate "2019.10.17"]
[SourceVersion "1"]
[SourceVersionDate "2019.10.17"]
[SourceQuality "1"]

1. e4 d5 2. exd5 Nf6 3. Nc3 Nxd5 4. Nxd5 Qxd5 5. d4 Nc6 6. Nf3 Bg4 7. Be2 e6 8. Bf4 Bd6 9. c4 Qa5+ 10. Bd2 Bb4 11. d5 exd5 12. cxd5 Qxd5 13. Bxb4 Qxd1+ 14. Rxd1 Nxb4 15. 0-0 Nc6 16. h3 Bh5 17. Rd5 Bxf3 18. Bxf3 0-0 19. Rc5 Rab8 20. b3 Nd4 21. Bg4 c6 22. f4 Rfe8 23. f5 Nb5 24. Rd1 Rbd8 25. Rf1 Rd2 26. Rcc1 Rxa2 27. Rcd1 Rc2 28. Rd7 b6 29. Bh5 Rf8 30. Rfd1 g6 31. Bf3 gxf5 32. Bh5 Rc5 33. h4 f4 34. Be2 Nc3 35. R1d2 Nxe2+ 36. Rxe2 Rc1+ 37. Kf2 Rb1 38. h5 Rxb3 39. h6 a5 0-1

[Event "HUN-chT4 Chalupetzky 1718"]
[Site "Hungary"]
[Date "2018.01.21"]
[Round "5.3"]
[White "Nagy, Istvan Miklos"]
[Black "Nemeth, Csilla"]
[Result "1/2-1/2"]
[WhiteElo "1709"]
[BlackElo "1403"]
[PlyCount "45"]
[EventDate "2017.10.15"]
[EventType "team-tourn"]
[EventRounds "7"]
[EventCountry "HUN"]
[SourceTitle "EXT 2019"]
[Source "ChessBase"]
[SourceDate "2018.10.10"]
[SourceVersion "1"]
[SourceVersionDate "2018.10.10"]
[SourceQuality "1"]
[WhiteTeam "Gyor Szechenyi"]
[BlackTeam "KSE Level"]
[WhiteTeamCountry "HUN"]
[BlackTeamCountry "HUN"]

1. d4 Nf6 2. Nf3 c5 3. c3 d5 4. Bf4 Nc6 5. e3 Qb6 6. Qc1 Bf5 7. Nbd2 e6 8. Be2 Be7 9. h3 0-0 10. Nh4 Ne4 11. Nxf5 exf5 12. 0-0 Rac8 13. dxc5 Bxc5 14. Nb3 a5 15. Nxc5 Qxc5 16. Rd1 g5 17. Bh2 f4 18. Rd3 Ne5 19. Rd4 Nc6 20. Rd3 Ne5 21. Rd4 Nc6 22. Rd3 Ne5 23. Rd4 1/2-1/2

[Event "HUN-chT4 1718"]
[Site "Hungary"]
[Date "2017.10.28"]
[Round "1.11"]
[White "Halmai, Florian"]
[Black "Nemeth, Csilla"]
[Result "1-0"]
[WhiteElo "1479"]
[BlackElo "1465"]
[PlyCount "25"]
[EventDate "2017.10.28"]
[EventType "team-tourn"]
[EventRounds "9"]
[EventCountry "HUN"]
[SourceTitle "EXT 2020"]
[Source "ChessBase"]
[SourceDate "2019.10.17"]
[SourceVersion "1"]
[SourceVersionDate "2019.10.17"]
[SourceQuality "1"]

1. d4 Nf6 2. Bf4 d5 3. Nc3 c5 4. Nf3 Nc6 5. a3 a5 6. Nb5 e5 7. dxe5 Ne4 8. e6 Nd6 9. exf7+ Kxf7 10. Nxd6+ Bxd6 11. Qxd5+ Ke7 12. Bg5+ Ke8 13. Bxd8 1-0

[Event "Mosonmagyarovar op"]
[Site "Mosonmagyarovar"]
[Date "2017.10.01"]
[Round "7"]
[White "Balint, Laszlo"]
[Black "Nemeth, Csilla"]
[Result "1-0"]
[WhiteElo "1601"]
[BlackElo "1465"]
[PlyCount "117"]
[EventDate "2017.09.28"]
[EventType "swiss"]
[EventRounds "7"]
[EventCountry "HUN"]
[SourceTitle "EXT 2019"]
[Source "ChessBase"]
[SourceDate "2018.10.10"]
[SourceVersion "1"]
[SourceVersionDate "2018.10.10"]
[SourceQuality "1"]

1. d4 Nf6 2. c4 e5 3. dxe5 Ng4 4. Nf3 Bc5 5. e3 Nc6 6. a3 a5 7. Nc3 0-0 8. Be2 Ngxe5 9. 0-0 b6 10. b3 Qf6 11. Bb2 Qh6 12. Ne4 d6 13. Nxc5 bxc5 14. Nxe5 Nxe5 15. Bxe5 dxe5 16. Qd5 Rb8 17. Qxc5 Bb7 18. Qxe5 f5 19. Qf4 Qe6 20. Rab1 Rf6 21. Qxc7 Qe8 22. Qf4 Ra8 23. Bf3 Be4 24. Bxe4 fxe4 25. Qg4 Rg6 26. Qe2 Rh6 27. b4 Qe5 28. g3 Rf8 29. Rfd1 Qe6 30. Qf1 Rh3 31. Rd2 h5 32. Rd4 h4 33. Qg2 hxg3 34. fxg3 Re8 35. Rf1 Qh6 36. Rf4 axb4 37. axb4 Ra8 38. Rd1 Qh5 39. Qd2 Qg5 40. Qd5+ Qxd5 41. cxd5 Rd8 42. Rxe4 Rh5 43. Red4 Kf7 44. d6 Ke6 45. d7 Re5 46. e4 g5 47. Kg2 g4 48. R1d2 Rb5 49. Rd6+ Ke7 50. Rg6 Rxb4 51. Rxg4 Rb7 52. Rf4 Rbxd7 53. Rxd7+ Rxd7 54. h4 Ke6 55. Kh3 Rd3 56. Kg4 Rd7 57. h5 Rg7+ 58. Kh4 Rf7 59. Rxf7 1-0

[Event "Mosonmagyarovar op"]
[Site "Mosonmagyarovar"]
[Date "2017.10.01"]
[Round "6"]
[White "Nemeth, Csilla"]
[Black "Jonas, Benedek Gabor"]
[Result "0-1"]
[WhiteElo "1465"]
[BlackElo "1436"]
[PlyCount "64"]
[EventDate "2017.09.28"]
[EventType "swiss"]
[EventRounds "7"]
[EventCountry "HUN"]
[SourceTitle "EXT 2019"]
[Source "ChessBase"]
[SourceDate "2018.10.10"]
[SourceVersion "1"]
[SourceVersionDate "2018.10.10"]
[SourceQuality "1"]

1. e4 e6 2. d4 d5 3. Nc3 dxe4 4. Nxe4 Bd7 5. Be2 Bc6 6. Bf3 Be7 7. b3 Nf6 8. Ng3 Bb4+ 9. Bd2 Qxd4 10. Bxc6+ Nxc6 11. Nf3 Bxd2+ 12. Nxd2 Qe5+ 13. Ne2 Nd4 14. Nc4 Nxc2+ 15. Qxc2 Qxa1+ 16. Nc1 Qd4 17. 0-0 Rd8 18. Ne2 Qc5 19. Nc3 b5 20. b4 Qxc4 21. Qb2 0-0 22. h3 Nd5 23. Ne2 Qxb4 24. Qc2 c5 25. Rb1 Qc4 26. Qb2 Nb4 27. a3 Nd3 28. Qa1 Qc2 29. Nc3 Qxf2+ 30. Kh1 Nf4 31. Rb2 Rd2 32. Ne4 Qxg2# 0-1

[Event "Mosonmagyarovar op"]
[Site "Mosonmagyarovar"]
[Date "2017.09.29"]
[Round "3"]
[White "Farkas, Virag"]
[Black "Nemeth, Csilla"]
[Result "0-1"]
[WhiteElo "1029"]
[BlackElo "1465"]
[PlyCount "80"]
[EventDate "2017.09.28"]
[EventType "swiss"]
[EventRounds "7"]
[EventCountry "HUN"]
[SourceTitle "EXT 2019"]
[Source "ChessBase"]
[SourceDate "2018.10.10"]
[SourceVersion "1"]
[SourceVersionDate "2018.10.10"]
[SourceQuality "1"]

1. e4 e5 2. Nf3 Nc6 3. Bc4 Nf6 4. Nc3 Nxe4 5. Nxe4 d5 6. Bb3 dxe4 7. Ng1 Bf5 8. c3 Qg5 9. g3 0-0-0 10. d4 Qe7 11. Be3 g5 12. h4 g4 13. Bg5 f6 14. Be3 h5 15. Qc2 exd4 16. cxd4 Nxd4 17. Qc3 Nf3+ 18. Nxf3 exf3 19. 0-0 Bg7 20. Bc5 Qd7 21. Rad1 Qe8 22. Rfe1 Qg6 23. Bxa7 Rhe8 24. Rxd8+ Rxd8 25. Rc1 Rd7 26. Qc4 Bh6 27. Rc3 Qe8 28. Kh2 Bh7 29. Ba4 c6 30. Bxc6 bxc6 31. Qxc6+ Kd8 32. Bb6+ Ke7 33. Bc5+ Kf7 34. Qa4 f5 35. Qc4+ Qe6 36. Qb5 f4 37. Qa4 fxg3+ 38. fxg3 Qe2+ 39. Bf2 Qxf2+ 40. Kh1 Qg2# 0-1

[Event "Mosonmagyarovar op"]
[Site "Mosonmagyarovar"]
[Date "2017.09.28"]
[Round "1"]
[White "Frank, Jozsef1111"]
[Black "Nemeth, Csilla"]
[Result "1-0"]
[WhiteElo "2073"]
[BlackElo "1465"]
[PlyCount "29"]
[EventDate "2017.09.28"]
[EventType "swiss"]
[EventRounds "7"]
[EventCountry "HUN"]
[SourceTitle "EXT 2019"]
[Source "ChessBase"]
[SourceDate "2018.10.10"]
[SourceVersion "1"]
[SourceVersionDate "2018.10.10"]
[SourceQuality "1"]

1. e4 e5 2. Nc3 Nf6 3. Bc4 Nxe4 4. Qh5 Nd6 5. Bb3 Be7 6. Nf3 0-0 7. Nxe5 Bf6 8. d4 Nc6 9. Be3 Qe7 10. Nd5 Qd8 11. 0-0 b5 12. f4 a5 13. c3 a4 14. Bc2 Ne7 15. Qxh7# 1-0

[Event "HUN-chT4 1617"]
[Site "Hungary"]
[Date "2017.04.23"]
[Round "7.2"]
[White "Konczol, Tamas"]
[Black "Nemeth, Csilla"]
[Result "1-0"]
[WhiteElo "1526"]
[BlackElo "1337"]
[PlyCount "43"]
[EventDate "2016.10.02"]
[EventType "team-tourn"]
[EventRounds "7"]
[EventCountry "HUN"]
[SourceTitle "EXT 2019"]
[Source "ChessBase"]
[SourceDate "2018.10.10"]
[SourceVersion "1"]
[SourceVersionDate "2018.10.10"]
[SourceQuality "1"]

1. e4 e5 2. f4 exf4 3. Bc4 Nc6 4. d4 d6 5. Bxf4 Nf6 6. Nc3 Bg4 7. Nf3 Qd7 8. 0-0 h6 9. a3 g5 10. Bg3 h5 11. Qd3 h4 12. Bf2 h3 13. g3 Bg7 14. Nxg5 Nd8 15. d5 Nh5 16. Bd4 0-0 17. Bxg7 Nxg7 18. Rf6 Qe7 19. Raf1 Nh5 20. e5 Nxf6 21. exf6 Qe5 22. Qh7# 1-0

[Event "HUN-chT4 1617"]
[Site "Hungary"]
[Date "2017.03.19"]
[Round "6.4"]
[White "Nemeth, Csilla"]
[Black "Nusser, Gergo"]
[Result "1-0"]
[WhiteElo "1337"]
[BlackElo "1127"]
[PlyCount "89"]
[EventDate "2016.10.02"]
[EventType "team-tourn"]
[EventRounds "7"]
[EventCountry "HUN"]
[SourceTitle "EXT 2019"]
[Source "ChessBase"]
[SourceDate "2018.10.10"]
[SourceVersion "1"]
[SourceVersionDate "2018.10.10"]
[SourceQuality "1"]

1. e4 e5 2. Nf3 Nc6 3. Bb5 d6 4. d4 Bd7 5. Nc3 Nf6 6. Bg5 Be7 7. 0-0 0-0 8. h3 a6 9. Ba4 b5 10. Bb3 Be6 11. d5 Bd7 12. dxc6 Bxc6 13. Nd2 Nxe4 14. Bxe7 Nxc3 15. bxc3 Qxe7 16. f4 exf4 17. Rxf4 Qe3+ 18. Rf2 Qxc3 19. a4 bxa4 20. Bxa4 Bd5 21. Ra3 Qxa3 22. c4 Bb7 23. Bc2 Qc5 24. Qe2 Rfe8 25. Qd3 Re1+ 26. Nf1 g6 27. Qc3 Rae8 28. Qf6 Rf8 29. h4 Rc1 30. Bf5 gxf5 31. Qg5+ Kh8 32. Qxc1 Rg8 33. Qb2+ Rg7 34. Qxb7 Qxc4 35. Rxf5 Qd4+ 36. Rf2 c5 37. Qxa6 c4 38. Qa2 c3 39. Kh1 Qxh4+ 40. Nh2 Qh5 41. Re2 d5 42. Qa6 Qf5 43. Qb6 Qd3 44. Re8+ Rg8 45. Qf6# 1-0

[Event "HUN-chT4 1617"]
[Site "Hungary"]
[Date "2017.02.19"]
[Round "5.1"]
[White "Nemeth, Csilla"]
[Black "Figula, Gabor Jozsef"]
[Result "1-0"]
[WhiteElo "1337"]
[BlackElo "1419"]
[PlyCount "45"]
[EventDate "2016.10.02"]
[EventType "team-tourn"]
[EventRounds "7"]
[EventCountry "HUN"]
[SourceTitle "EXT 2019"]
[Source "ChessBase"]
[SourceDate "2018.10.10"]
[SourceVersion "1"]
[SourceVersionDate "2018.10.10"]
[SourceQuality "1"]

1. e4 e6 2. d4 d5 3. Nc3 Nf6 4. Bg5 dxe4 5. Nxe4 Be7 6. Bd3 Nxe4 7. Bxe7 Nxf2 8. Kxf2 Qxe7 9. Nf3 Nd7 10. Rf1 Nf6 11. Kg1 c5 12. Kh1 0-0 13. Ne5 cxd4 14. Rf3 Nd7 15. Bxh7+ Kh8 16. Rh3 Qg5 17. Qd3 Nf6 18. Rf1 Nh5 19. Nxf7+ Rxf7 20. Rxf7 Bd7 21. Bg6 Kg8 22. Bxh5 Bc6 23. Rg3 1-0

[Event "HUN-chT4 1617"]
[Site "Hungary"]
[Date "2017.01.15"]
[Round "4.4"]
[White "Zsubrits, Abel"]
[Black "Nemeth, Csilla"]
[Result "1-0"]
[WhiteElo "1431"]
[BlackElo "1337"]
[PlyCount "53"]
[EventDate "2016.10.02"]
[EventType "team-tourn"]
[EventRounds "7"]
[EventCountry "HUN"]
[SourceTitle "EXT 2019"]
[Source "ChessBase"]
[SourceDate "2018.10.10"]
[SourceVersion "1"]
[SourceVersionDate "2018.10.10"]
[SourceQuality "1"]

1. e4 e5 2. Nf3 Nc6 3. Bb5 a6 4. Ba4 Nf6 5. d4 exd4 6. 0-0 Be7 7. Re1 b5 8. Bb3 d6 9. Bg5 0-0 10. Nxd4 Nxd4 11. Qxd4 c5 12. Qc3 c4 13. e5 Nd7 14. Bxe7 Qxe7 15. exd6 Qxd6 16. Bxc4 bxc4 17. Qxc4 Bb7 18. Nc3 Qg6 19. Ne4 Nf6 20. Nxf6+ Qxf6 21. Qb3 Rab8 22. Qc3 Qg6 23. g3 Rfe8 24. Rxe8+ Rxe8 25. Re1 Rc8 26. Qxc8+ Bxc8 27. Re8# 1-0

[Event "Level op-B 4th"]
[Site "Level"]
[Date "2016.03.14"]
[Round "8"]
[White "Nemeth, Csilla"]
[Black "Balint, Laszlo"]
[Result "1-0"]
[WhiteElo "1227"]
[BlackElo "1670"]
[PlyCount "81"]
[EventDate "2016.03.11"]
[EventType "swiss"]
[EventRounds "9"]
[EventCountry "HUN"]
[SourceTitle "EXT 2017"]
[Source "ChessBase"]
[SourceDate "2016.10.25"]
[SourceVersion "1"]
[SourceVersionDate "2016.10.25"]
[SourceQuality "1"]

1. e4 c5 2. Nf3 Nc6 3. Bb5 Nd4 4. Nxd4 cxd4 5. c3 dxc3 6. Nxc3 a6 7. Bc4 e6 8. d4 Bb4 9. 0-0 h6 10. Bf4 Ne7 11. d5 Ng6 12. Bg3 0-0 13. a3 Bc5 14. b4 Be7 15. e5 Bh4 16. Qe2 b5 17. Bd3 Qc7 18. Rac1 Bxg3 19. d6 Bxh2+ 20. Kxh2 Qb6 21. Be4 Bb7 22. Qf3 Nxe5 23. Qg3 Bxe4 24. Nxe4 Ng6 25. Nc5 Rfd8 26. Nd3 Qd4 27. Kg1 Rac8 28. Rfd1 Rc6 29. Nc5 Qe5 30. Qh3 Nf4 31. Qh4 Rdc8 32. Re1 Qg5 33. Qh2 Nd3 34. f4 Qd5 35. Nxd3 Qxd3 36. Rcd1 Qxa3 37. Qh4 Qxb4 38. Qe7 Qa5 39. Qxd7 Qd8 40. Qb7 Rb8 41. Qxc6 1-0

[Event "Level op-B 4th"]
[Site "Level"]
[Date "2016.03.12"]
[Round "3"]
[White "Farkas, Milan"]
[Black "Nemeth, Csilla"]
[Result "1-0"]
[WhiteElo "1407"]
[BlackElo "1227"]
[PlyCount "77"]
[EventDate "2016.03.11"]
[EventType "swiss"]
[EventRounds "9"]
[EventCountry "HUN"]
[SourceTitle "EXT 2017"]
[Source "ChessBase"]
[SourceDate "2016.10.25"]
[SourceVersion "1"]
[SourceVersionDate "2016.10.25"]
[SourceQuality "1"]

1. d4 Nf6 2. c4 e5 3. dxe5 Ng4 4. e3 Nxe5 5. Nc3 Bb4 6. Bd2 d6 7. a3 Bc5 8. Nf3 Bg4 9. Be2 Bxf3 10. Bxf3 Nd3+ 11. Ke2 Nxb2 12. Qc2 Nxc4 13. Bxb7 Nb6 14. Bxa8 Nxa8 15. Qe4+ Kf8 16. Qxa8 c6 17. Rhb1 Bb6 18. Rxb6 axb6 19. Qa4 c5 20. Qf4 d5 21. Nxd5 Nc6 22. Nc3 Ne7 23. Nb5 Kg8 24. Qc7 Qe8 25. a4 h6 26. Qxb6 Kh7 27. Qxc5 Qd7 28. a5 Qg4+ 29. Kf1 Qh4 30. Kg1 Qf6 31. Bc3 Qh4 32. a6 Rc8 33. Qd4 Qg5 34. a7 Nc6 35. Qd3+ Kg8 36. a8Q Rxa8 37. Rxa8+ Nb8 38. Rxb8+ Qd8 39. Rxd8# 1-0

[Event "HUN-chT4b 1415"]
[Site "Hungary"]
[Date "2014.11.08"]
[Round "4.2"]
[White "Nemeth, Csilla"]
[Black "Kiraly, Barnabas"]
[Result "0-1"]
[WhiteElo "1122"]
[BlackElo "1307"]
[PlyCount "84"]
[EventDate "2014.10.04"]
[EventType "team-tourn"]
[EventRounds "7"]
[EventCountry "HUN"]
[SourceTitle "EXT 2016"]
[Source "ChessBase"]
[SourceDate "2015.10.08"]
[SourceVersion "1"]
[SourceVersionDate "2015.10.08"]
[SourceQuality "1"]

1. e4 d5 2. exd5 Qxd5 3. Nc3 Qa5 4. d4 c6 5. Nf3 Bf5 6. Bf4 e6 7. Bd3 Bxd3 8. Qxd3 Bb4 9. Bd2 Nf6 10. Bg5 Nd5 11. 0-0 Bxc3 12. bxc3 Qxc3 13. Qe4 Nd7 14. Qh4 b6 15. Rfe1 Rc8 16. Qh5 h6 17. Rad1 0-0 18. Bxh6 Qxc2 19. Bxg7 Kxg7 20. Ne5 Nxe5 21. Rxe5 Rg8 22. Rg5+ Kf8 23. Rxg8+ Kxg8 24. h3 Qg6 25. Qf3 Kf8 26. Qa3+ Ke8 27. Qxa7 Qc2 28. Re1 Qd2 29. Re4 Qa5 30. Qb7 Qa8 31. Qxa8 Rxa8 32. Rh4 Rxa2 33. Rh8+ Kd7 34. Rh7 Ke7 35. Rh8 b5 36. Rc8 Rc2 37. h4 b4 38. h5 b3 39. h6 Nf6 40. Rb8 b2 41. g4 Rc1+ 42. Kg2 b1Q 0-1